000 00834nam a22002297a 4500
999 _c19388
_d19388
005 20180613093727.0
008 170304b2016 ck ||||| |||| 00| 0 spa d
020 _a9789587758627
040 _aCO-BoIAVH
_cCO-BoIAVH
041 _aspa
044 _ack
082 1 _a333.79416
_bB93s
100 1 _aBuitrago Soto, Camilo Ernesto
_d1981-
_eautor
245 1 0 _aSostenibilidad del Páramo de Guerrero :
_buna aproximación desde la emergía
250 _aPrimera edición
260 _aBogotá:
_bUniversidad Nacional de Colombia. Idea,
_c2016.
300 _a180 páginas :
_bilustraciones (algunas a color), diagramas, mapas ;
_c24 x 16 cm.
490 0 _aIdeas ;
_v29
650 0 _aEcología de páramos
_zColombia
651 _aColombia
_zPáramo de Guerrero (Cundinamarca, Colombia)
942 _2ddc
_cLIBRO